[Event "Challenge"]
[Site "http://www.queenalice.com/game.php?id=924140"]
[Date "2011.4.10"]
[Round "-"]
[White "QueChavez"]
[Black "Phantom"]
[Result "0-1"]
[WhiteElo "919"]
[BlackElo "1474"]

1. d4 d5 2. e3 Bf5 3. c3 Nf6 4. Qa4+ Bd7 5. Bb5 c6 6. Bd3 e6 7. Nf3 Ng4 8. h3
Nf6 9. Ne5 Bd6 10. b4 c5 11. Qxd7+ Nbxd7 12. Bb5 O-O 13. Nxd7 Nxd7 14. bxc5 Bb8
15. c6 bxc6 16. Bxc6 Bc7 17. Nd2 Rb8 18. Ba3 Re8 19. Nf3 Rb6 20. Ba4 Nf6 21. Ne5
Bxe5 22. dxe5 Ne4 23. f3 Ng3 24. Kf2 Nf5 25. g4 Nh4 26. Rhb1 Rxb1 27. Rxb1 Kh8
28. Kg3 Rg8 29. Rb7 h5 30. Rxa7 hxg4 31. Be7 Qb6 32. Rd7 Ng6 33. Rd6 Qxe3 34.
Bd7 Qf4+ 35. Kf2 Qxf3+ 36. Ke1 gxh3 37. Bg5 h2 38. Bh4 Qg2 39. Bb5 h1=Q+ 40. Bf1
Qhxf1# 0-1

[Event "Challenge"]
[Site "http://www.queenalice.com/game.php?id=927491"]
[Date "2011.4.19"]
[Round "-"]
[White "QueChavez"]
[Black "Paulo1210"]
[Result "0-1"]
[WhiteElo "919"]
[BlackElo "982"]

1. b3 Nc6 2. g3 Nf6 3. c4 a6 4. f4 h5 5. Ba3 b5 6. d3 b4 7. Bb2 Na5 8. e3 c5 9.
Bg2 Ra7 10. a3 Bb7 11. Nf3 Ng4 12. Ng5 Nxe3 13. Nxf7 Kxf7 14. Qxh5+ Rxh5 15. Bf3
Bxf3 0-1

[Event "the second game"]
[Site "http://www.queenalice.com/game.php?id=927848"]
[Date "2011.4.19"]
[Round "-"]
[White "wwsd"]
[Black "QueChavez"]
[Result "1-0"]
[WhiteElo "1081"]
[BlackElo "1105"]

1. d4 g5 2. e4 b5 3. Bd3 Nc6 4. Nf3 a6 5. O-O Nb4 6. Bd2 c6 7. Nxg5 f6 8. Nf3 d6
9. Bxb4 Bh6 10. Nc3 a5 11. Ba3 b4 12. Na4 Bf4 13. Bxb4 axb4 14. Re1 Rxa4 15. Nh4
h5 16. e5 Qb6 17. Bg6+ Kd8 18. Nf5 Ba6 19. Re4 Rh6 20. Bf7 Bxe5 21. Bxg8 Rg6 22.
Bb3 Ra5 23. Qxh5 Rg8 24. Bxg8 Qb5 25. dxe5 Qa4 26. exf6 exf6 27. Bf7 Qxc2 28.
Rxb4 Rxf5 29. Qh8+ Ke7 30. Bg6 Rxf2 31. Bxc2 Rxc2 32. Qh7+ Ke6 33. Ra4 f5 34.
Ra5 c5 35. Rxa6 Rc4 36. Re1+ Kd5 37. Qxf5+ Kd4 38. Ra3 Rb4 39. Rd1+ Kc4 40. Re3
Rxb2 41. h4 Rxa2 42. h5 d5 43. h6 d4 44. Re4 Kc3 45. h7 Kc2 46. Ree1+ d3 47.
h8=Q c4 48. Qg8 Kb2 49. Qxc4 Ka3 50. Rxd3+ Kb2 51. Qe5# 1-0

[Event "Challenge"]
[Site "http://www.queenalice.com/game.php?id=928305"]
[Date "2011.4.20"]
[Round "-"]
[White "QueChavez"]
[Black "ro_reinert"]
[Result "1-0"]
[WhiteElo "880"]
[BlackElo "960"]

1. b4 e5 2. g4 Bxb4 3. Bb2 Nf6 4. c3 Bc5 5. g5 Ne4 6. f3 Nxg5 7. e3 O-O 8. h4
Ne6 9. Nh3 Nc6 10. Rg1 a5 11. a4 b6 12. f4 Ba6 13. d4 Be7 14. Qh5 g6 15. c4 Nb4
16. d5 Nc5 17. Bxe5 Nc2+ 18. Kd1 Nb4 19. Ng5 gxh5 20. Nxf7+ Bg5 21. Nxd8 Raxd8
22. Rxg5+ Kf7 23. Bh3 Bxc4 24. Rg7+ Ke8 25. Bxc7 Rc8 26. Bxd7+ Nxd7 27. d6 Bb3+
28. Kd2 Bc2 29. Re7# 1-0

[Event "Challenge"]
[Site "http://www.queenalice.com/game.php?id=930579"]
[Date "2011.4.26"]
[Round "-"]
[White "markgrim83"]
[Black "QueChavez"]
[Result "1-0"]
[WhiteElo "1010"]
[BlackElo "896"]

1. b3 d5 2. e3 e6 3. d4 c6 4. Nf3 Nd7 5. g3 Qa5+ 6. c3 Nb6 7. b4 Qa4 8. h4 h5 9.
c4 Bxb4+ 10. Ke2 Rh6 11. a3 Rf6 12. Qd3 Nxc4 13. Qh7 Qc2+ 14. Nfd2 Qxd2+ 15.
Bxd2 e5 16. Qxg8+ Kd7 17. Bxb4 Ke6 18. Bh3+ Rf5 19. Qf8 e4 20. Qe7# 1-0

[Event "Challenge"]
[Site "http://www.queenalice.com/game.php?id=931605"]
[Date "2011.4.28"]
[Round "-"]
[White "UIA"]
[Black "QueChavez"]
[Result "1-0"]
[WhiteElo "980"]
[BlackElo "906"]

1. e4 b5 2. Bxb5 c6 3. Bc4 e6 4. e5 g6 5. d4 Qh4 6. Nf3 Qe4+ 7. Be3 Bb4+ 8. c3
Be7 9. O-O h5 10. Nbd2 h4 11. Nxe4 d5 12. exd6 Bd8 13. Qb3 Nh6 14. h3 Nf5 15. a4
Rh5 16. Bd2 g5 17. g4 a5 18. gxh5 Nd7 19. Bxg5 f6 20. Bxh4 Nxh4 21. Nxh4 f5 22.
Ng6 fxe4 23. Bxe6 Bf6 24. Bf7+ Kd8 25. Qe6 Ne5 26. Qe8# 1-0

[Event "Challenge"]
[Site "http://www.queenalice.com/game.php?id=935441"]
[Date "2011.5.8"]
[Round "-"]
[White "kelwen"]
[Black "QueChavez"]
[Result "0-1"]
[WhiteElo "1030"]
[BlackElo "1091"]

1. e4 e5 2. Nf3 f6 3. Bc4 Ne7 4. a4 a5 5. Ra3 d6 6. Nc3 Nbc6 7. Nh4 g5 8. g3 Nd4
9. d3 b6 10. Bd5 c6 11. Bxc6+ Nexc6 12. Qh5+ Kd7 13. Qg4+ Kc7 14. Rb3 Nxc2+ 15.
Kd2 Na1 16. Ra3 Nd4 17. Rb3 Naxb3+ 18. Kd1 Nxc1 19. Kxc1 Bxg4 20. f3 Nb3+ 0-1

[Event "Challenge"]
[Site "http://www.queenalice.com/game.php?id=938117"]
[Date "2011.5.14"]
[Round "-"]
[White "jbugg"]
[Black "QueChavez"]
[Result "1-0"]
[WhiteElo "1329"]
[BlackElo "950"]

1. e4 e5 2. Nf3 Nc6 3. Bc4 Nh6 4. Nc3 d6 5. O-O Ng4 6. a3 g5 7. h3 h5 8. hxg4
hxg4 9. Nh2 Qf6 10. Nxg4 Bxg4 11. Qxg4 Qh6 12. Qh3 Qg7 13. Qf3 Nd4 14. Qd3 Qh6
15. Bb5+ c6 16. Qh3 Nf3+ 17. Kh1 Qxh3+ 18. gxh3 Rxh3+ 19. Kg2 Rh2+ 20. Kxf3 g4+
21. Kxg4 Bh6 22. Bc4 Rg2+ 23. Kf3 Rg8 24. d3 Bg7 25. b4 Rd8 26. a4 Rh8 27. Rg1
Rh7 28. Rg5 Rh3+ 29. Rg3 Rh7 30. Bg5 f6 31. Be3 Ke7 32. Bxa7 Rdh8 33. Rag1 Bf8
34. b5 d5 35. exd5 Ke8 36. dxc6 bxc6 37. bxc6 Bd6 38. Nb5 Be7 39. c7 Kd7 40. Rd1
f5 41. d4 e4+ 42. Ke3 f4+ 43. Kxf4 Rh4+ 44. Ke3 Bf8 45. Be6+ Kxe6 46. c8=Q+ Kf7
47. Qf5+ Ke8 48. Qg6+ Ke7 49. Bc5+ Kd8 50. Qf6+ Ke8 51. Bxf8 Rxf8 52. Qxh4 Kf7
53. Nd6+ Ke6 54. Rg6+ Kd7 55. Qg4+ Kc6 56. Nb5+ Kb7 57. Qd7+ Kb8 58. Qc7+ Ka8
59. Na7 Rb8 60. Nb5 Rb7 61. Qd8+ Rb8 62. Qd5+ Rb7 63. Rh1 Kb8 64. Rh8# 1-0

[Event "Challenge"]
[Site "http://www.queenalice.com/game.php?id=938575"]
[Date "2011.5.16"]
[Round "-"]
[White "soudeDeus"]
[Black "QueChavez"]
[Result "0-1"]
[WhiteElo "1297"]
[BlackElo "914"]

1. g3 e5 2. b3 d6 3. Bg2 g5 4. Bb2 b5 5. Bxa8 Nf6 6. f4 gxf4 7. gxf4 exf4 8. Nc3
Ng4 9. Nxb5 Qh4+ 10. Kf1 Qf2# 0-1

[Event "Challenge"]
[Site "http://www.queenalice.com/game.php?id=938955"]
[Date "2011.5.17"]
[Round "-"]
[White "soudeDeus"]
[Black "QueChavez"]
[Result "1-0"]
[WhiteElo "1338"]
[BlackElo "949"]

1. g3 Nf6 2. Bg2 Nc6 3. b3 e5 4. Bb2 Ne4 5. Bxe4 Nb4 6. Bxe5 d6 7. Bd4 Bg4 8.
Bxb7 Rb8 9. Bc6+ Nxc6 10. Bc3 Qe7 11. h3 Bf5 12. g4 Be4 13. f3 Qh4+ 14. Kf1 Bd5
15. Na3 g6 16. Bxh8 Bh6 17. Nb5 Rxb5 18. c4 Rc5 19. d3 Be6 20. e4 Be3 21. Qe1
Qf6 22. Bxf6 Nd4 23. Qxe3 Nxf3 24. Nxf3 a5 25. a3 h5 26. gxh5 Rxh5 27. b4 axb4
28. axb4 g5 29. Qxg5 Rxg5 30. Bxg5 f5 31. exf5 Bxf5 32. Ra8+ Kd7 33. c5 Bxd3+
34. Kf2 d5 35. h4 Kc6 36. h5 Kb5 37. h6 Kxb4 38. h7 Bxh7 39. Rxh7 c6 40. Be7 Kc4
41. Rh4+ Kd3 42. Ra6 Kc2 43. Rxc6 Kc3 44. Rd4 Kb3 45. Rxd5 Kc4 46. Rd4+ Kb5 47.
Rb6+ Ka5 48. Rb8 Ka6 49. Ra4# 1-0

[Event "Challenge"]
[Site "http://www.queenalice.com/game.php?id=941621"]
[Date "2011.5.23"]
[Round "-"]
[White "soudeDeus"]
[Black "QueChavez"]
[Result "1-0"]
[WhiteElo "1436"]
[BlackElo "948"]

1. g3 e5 2. Bg2 d6 3. b3 b6 4. Bxa8 Be6 5. Bb2 Nd7 6. f4 Qxa8 7. Nf3 exf4 8.
gxf4 f6 9. Rf1 Bh3 10. Rg1 h5 11. Rg3 Be6 12. Na3 d5 13. Rb1 a5 14. d3 Qc6 15.
e4 dxe4 16. dxe4 Qxe4+ 17. Qe2 Bb4+ 18. c3 Qd5 19. cxb4 axb4 20. Nb5 h4 21. Rxg7
Rh5 22. Nxc7+ Kd8 23. Nxd5 Bxd5 24. a3 Bxb3 25. axb4 Rb5 26. Qxb5 Ke8 27. Qxd7+
Kf8 28. Ra1 h3 29. Ba3 Nh6 30. b5# 1-0

[Event "Pre-bike shlep challenge"]
[Site "http://www.queenalice.com/game.php?id=944590"]
[Date "2011.5.31"]
[Round "-"]
[White "NeeneNY"]
[Black "QueChavez"]
[Result "1-0"]
[WhiteElo "1293"]
[BlackElo "1085"]

1. e4 e5 2. Nf3 d6 3. Nc3 c5 4. d3 b6 5. Bg5 f6 6. Bh4 g5 7. Bg3 a5 8. Na4 Ba6
9. h4 gxh4 10. Bxh4 Bh6 11. Qe2 Nc6 12. g3 Nb4 13. c3 Nxd3+ 14. Kd1 Qd7 15. b3
Nb2+ 16. Qxb2 O-O-O 17. Nxb6+ Kb8 18. Nxd7+ Rxd7 19. Bxa6 Ra7 20. Bc4 f5 21.
Bxg8 Rxg8 22. exf5 e4 23. Ng5 Rf7 24. Nxf7 Rg4 25. Nxh6 d5 26. Nxg4 e3 27. Nxe3
h6 28. Nxd5 Kb7 29. Qa3 Kc6 30. Ne7+ Kb5 31. Re1 Ka6 32. Re6+ Kb7 33. Qxc5 Kb8
34. Nc6+ Kc7 35. Qa7+ Kc8 36. Re8# 1-0

[Event "OS INCLIVEIS"]
[Site "http://www.queenalice.com/game.php?id=944662"]
[Date "2011.5.31"]
[Round "-"]
[White "adelio"]
[Black "QueChavez"]
[Result "1-0"]
[WhiteElo "1770"]
[BlackElo "948"]

1. b4 g6 2. b5 f5 3. a4 e6 4. c4 Bb4 5. Nc3 h5 6. Bb2 d5 7. cxd5 exd5 8. Nxd5
Qxd5 9. Bxh8 a6 10. e3 axb5 11. Bxb5+ c6 12. Bf1 Nd7 13. Bd4 b5 14. a5 Nh6 15.
h3 f4 16. Nf3 fxe3 17. fxe3 Nf5 18. Kf2 Nxe3 19. Bxe3 Bd6 20. Qe2 Ba6 21. Bg5+
Kf7 22. Re1 b4 23. Qe4 Qxa5 24. Qe6+ Kg7 25. Qxd6 Rf8 26. Re7+ Kg8 27. Qxg6+ Kh8
28. Qh7# 1-0